Pokémon - 7G - Statistiques

Statistiques générales
  • Ce quiz a été pris 11 fois
  • Le résultat moyen est 97 sur 115
Statistiques - réponses
Par images Réponse % Correct
Bacabouh
100%
Efflèche
100%
Ékaïser
100%
Félinferno
100%
Lougaroc forme Crépusculaire
100%
Lougaroc forme Diurne
100%
Lougaroc forme Nocturne
100%
Lucanon
100%
Lunala
100%
Malamandre
100%
Matoufeu
100%
Melmetal
100%
Mimiqui forme Déguisée
100%
Mimiqui forme Démasquée
100%
Mouscoto
100%
Necrozma
100%
Necrozma Crinière du Couchant
100%
Otaquin
100%
Otarlette
100%
Rocabot
100%
Solgaleo
100%
Vorastérie
100%
Archéduc
91%
Bamboiselle
91%
Bébécaille
91%
Boumata
91%
Brindibou
91%
Denticrisse
91%
Flamiaou
91%
Froussardine forme Banc
91%
Froussardine forme Solitaire
91%
Méga-Zeraora
91%
Melmetal Gigamax
91%
Necrozma Ailes de l'Aurore
91%
Plumeline style Buyō
91%
Plumeline style Flamenco
91%
Plumeline style Hula
91%
Plumeline style Pom-Pom
91%
Prédastérie
91%
Togedemaru
91%
Tokopisco
91%
Tokopiyon
91%
Trépassable
91%
Tritox
91%
Zeraora
91%
Ama-Ama
82%
Araqua
82%
Bourrinos
82%
Chelours
82%
Chrysapile
82%
Concombaffe
82%
Cosmog
82%
Cosmovum
82%
Crabagarre
82%
Crabominable
82%
Dodoala
82%
Draïeul
82%
Engloutyran
82%
Gouroutan
82%
Guérilande
82%
Katagami
82%
Magearna
82%
Magearna Couleurs du Passé
82%
Marshadow
82%
Marshadow
82%
Méga-Crabominable
82%
Méga-Draïeul
82%
Méga-Magearna
82%
Méga-Magearna Couleurs du Passé
82%
Méga-Sarmuraï
82%
Meltan
82%
Météno forme Météore
82%
Météno noyau Bleu
82%
Météno noyau Indigo
82%
Météno noyau Jaune
82%
Météno noyau Orange
82%
Météno noyau Rouge
82%
Météno noyau Vert
82%
Météno noyau Violet
82%
Oratoria
82%
Quartermac
82%
Sarmuraï
82%
Silvallié
82%
Sinistrail
82%
Spododo
82%
Sucreine
82%
Tarenbulle
82%
Tiboudet
82%
Tokorico
82%
Tokotoro
82%
Type:0
82%
Ultra-Necrozma
82%
Archéduc de Hisui
73%
Argouste
73%
Bazoucan
73%
Bombydou
73%
Câblifère
73%
Cancrelove
73%
Candine
73%
Croquine
73%
Écaïd
73%
Floramantis
73%
Lampignon
73%
Larvibule
73%
Nounourson
73%
Rubombelle
73%
Sovkipou
73%
Vémini
73%
Zéroïd
73%
Manglouton
64%
Mimantis
64%
Pierroteknik
64%
Mandrillon
55%
Piclairon
55%
Picassaut
45%
Aucun quiz correspondant
Distribution des résultats
% des personnes avec chaque résultat
Percentile par nombre de réponses
Votre historique - résultats
Vous n’avez pas pris ce quiz